Подробности
| 000 -МАРКЕР |
| контрольное поле |
01753nam0a2200313 4500 |
| 001 - ИДЕНТИФИКАТОР ЗАПИСИ |
| контрольное поле |
RU\NLR\bibl\502332 |
| 005 - ИДЕНТИФИКАТОР ВЕРСИИ |
| контрольное поле |
20260407060253.0 |
| 010 ## - МЕЖДУНАРОДНЫЙ СТАНДАРТНЫЙ НОМЕР КНИГИ (ISBN) |
| Номер (ISBN) |
5-88967-015-8 |
| Тираж |
500 |
| 021 ## - НОМЕР ГОСУДАРСТВЕННОЙ РЕГИСТРАЦИИ |
| Код страны |
Российская Федерация |
| Номер |
2004-4883 |
| Номер Листа государственной регистраци |
253 |
| 035 ## - ДРУГИЕ СИСТЕМНЫЕ НОМЕРА |
| Идентификатор записи |
(NLR Aleph) 000494914 |
| 100 ## - ДАННЫЕ ОБЩЕЙ ОБРАБОТКИ |
| Данные общей обработки |
20040319d2003 |||y0rusy50 ca |
| 101 0# - ЯЗЫК РЕСУРСА |
| Язык текста, звукозаписи и т.д. |
русский |
| 102 ## - СТРАНА ПУБЛИКАЦИИ ИЛИ ПРОИЗВОДСТВА |
| Страна публикации |
Российская Федерация |
| 105 ## - ПОЛЕ КОДИРОВАННЫХ ДАННЫХ: ТЕКСТОВЫЕ МАТЕРИАЛЫ, МОНОГРАФИЧЕСКИЕ |
| Кодированные данные о монографическом текстовом документе |
ach ||||||||| |
| 200 1# - ЗАГЛАВИЕ И СВЕДЕНИЯ ОБ ОТВЕТСТВЕННОСТИ |
| Основное заглавие |
Притяжение Эйдинова |
| Сведения, относящиеся к заглавию |
Воспоминания. Материалы. Документы |
| Первые сведения об ответственности |
М-во культуры Рос. Федерации, Гл. упр. культуры и искусства администрации Челяб. обл., Магнитогор. гос. консерватория им. М.И. Глинки |
| Последующие сведения об ответственности |
[Сост. О.С. Эйдинова, доцент, С.И. Мирошниченко, к.искусствоведения, проф.] |
| 210 ## - ПУБЛИКАЦИЯ, РАСПРОСТРАНЕНИЕ И ДР. |
| Место издания, распространения и т.д. |
Магнитогорск |
| Имя издателя, распространителя и т. д. |
Магнитогор. гос. консерватория |
| Дата издания, распространения и т.д. |
2003 |
| 215 ## - ФИЗИЧЕСКАЯ ХАРАКТЕРИСТИКА |
| Специфическое обозначение материала и объем |
286, [1] с. |
| Другие сведения о физической характеристике |
ил., портр., факс. |
| Размеры |
22 |
| 320 ## - ПРИМЕЧАНИЯ О НАЛИЧИИ В ДОКУМЕНТЕ БИБЛИОГРАФИИ / УКАЗАТЕЛЯ |
| Текст примечания |
Библиогр. в подстроч. примеч. |
| 600 #1 - ИМЯ ЛИЦА КАК ПРЕДМЕТ |
| Начальный элемент ввода |
Эйдинов |
| Часть имени, кроме начального элемента ввода |
С.Г. |
| Даты |
1911 - 1983 |
| Расширение инициалов личного имени |
Семен Григорьевич |
| Формальный подзаголовок |
Документы и материалы |
| Системный номер авторитетной/нормативной записи |
2325015 |
| Идентификатор авторитетной/нормативной записи |
RU\NLR\auth\661390737 |
| 600 #1 - ИМЯ ЛИЦА КАК ПРЕДМЕТ |
| Начальный элемент ввода |
Эйдинов |
| Часть имени, кроме начального элемента ввода |
С. Г. |
| Расширение инициалов личного имени |
Семен Григорьевич |
| Код системы |
psbo |
| 686 ## - ИНДЕКСЫ ДРУГИХ КЛАССИФИКАЦИЙ |
| Индекс |
Щ313(2Р=Рус)7-83Эйдинов |
| 702 #1 - ИМЯ ЛИЦА - ВТОРИЧНАЯ ОТВЕТСТВЕННОСТЬ |
| Начальный элемент ввода |
Эйдинова |
| Часть имени, кроме начального элемента ввода |
О. С. |
| Расширение инициалов личного имени |
Ольга Семеновна |
| 712 02 - НАИМЕНОВАНИЕ ОРГАНИЗАЦИИ - ВТОРИЧНАЯ ОТВЕТСТВЕННОСТЬ |
| Код отношения |
Прочие |
| Начальный элемент ввода |
Магнитогорская государственная консерватория им. М. И. Глинки |
| Идентификатор авторитетной/нормативной записи |
RU\NLR\AUTH\8810027074 |
| Системный номер авторитетной/нормативной записи |
552323 |
| 801 #0 - ИСТОЧНИК ЗАПИСИ |
| Страна |
Российская Федерация |
| Организация |
NLR |
| Дата составления |
20040319 |
| Правила каталогизации |
PSBO |
| 801 #1 - ИСТОЧНИК ЗАПИСИ |
| Страна |
Российская Федерация |
| Организация |
NLR |
| Дата составления |
20040319 |
| 942 ## - ДОПОЛНИТЕЛЬНЫЕ ЭЛЕМЕНТЫ ЗАПИСИ (АБИС) |
| Тип экземпляра АБИС |
Книга |
| 980 ## - КОЛЛЕКЦИЯ |
| Название коллекции |
Национальная библиография |